Η ιστορία του γυναικείου στήθους

Αποθηκεύτηκε σε:
Λεπτομέρειες βιβλιογραφικής εγγραφής
Κύριος συγγραφέας: Yalom, Marilyn
Μορφή: Βιβλίο
Γλώσσα:Greek
English
Δημοσίευση: Αθήνα : Άγρα, c2006.
Θέματα:
Ετικέτες: Προσθήκη ετικέτας
Δεν υπάρχουν, Καταχωρήστε ετικέτα πρώτοι!

MARC

LEADER 00000cam a2200000 i 4500
001 1/88675
008 080612s2006 gr | ||| |||| ||gre||
020 |a 9789603256694 
035 |l 10098170 
040 |a GR-MyUa  |b gre  |e AACR2 
041 1 |a gre  |h eng 
082 7 |a 391.6   |2 (22) 
100 1 |a Yalom, Marilyn. 
245 1 2 |a Η ιστορία του γυναικείου στήθους /   |c Marilyn Yalom ; μετάφραση Εύη Κλαδούχου. 
260 |a Αθήνα :   |b Άγρα,   |c c2006. 
300 |a 462 σ. :   |b εικ. ;   |c 21 εκ. 
504 |a Βιβλιογραφία: σ. 443-457. 
650 0 |a Breast  |x Social aspects. 
650 0 |a Breast  |x History. 
650 0 |a Breast in art. 
650 0 |a Breast in literature. 
765 0 8 |i Τίτλος πρωτοτύπου:   |t A history of the breast /  
852 |a INST  |b SYROS  |e 20080612  |h 391.6 YAL  |p 005500005819  |q 005500005819  |t BK  |y 0 
901 |a BIBL5-2008-2 
922 |a 5ΕΛΗ  |b 200802  |c ΕΠΕΑΕΚ2/ΤΜΣΠΣ  |d Σ. Πατάκης 
970 |a Κοντού  |b Παρασκευή  |z 12/06/2008